Land evaluation / (Record no. 11615)

000 -LEADER
fixed length control field 00539cam a2200181 a 4500
020 ## - INTERNATIONAL STANDARD BOOK NUMBER
ISBN 0442218079
040 ## - CATALOGING SOURCE
Transcribing agency DLC
082 00 - DEWEY DECIMAL CLASSIFICATION NUMBER
Classification number 333 VAN 1986 A016 Or.
245 00 - TITLE STATEMENT
Title Land evaluation /
260 ## - PUBLICATION, DISTRIBUTION, ETC. (IMPRINT)
Place of publication New York :
Name of publisher Van Nostrand Reinhold,
Year of publication c1986.
300 ## - PHYSICAL DESCRIPTION
Number of Pages xv, 373 p. :
Other physical details ill. ;
Dimensions 27 cm.
500 ## - GENERAL NOTE
General note "A Hutchinson Ross publication."
650 #0 - SUBJECT ADDED ENTRY--TOPICAL TERM
Topical Term Land use
650 #0 - SUBJECT ADDED ENTRY--TOPICAL TERM
Topical Term Soil geography.
700 1# - ADDED ENTRY--PERSONAL NAME
Personal name Davidson, Donald A.
856 ## - ELECTRONIC LOCATION AND ACCESS
Uniform Resource Identifier https://drive.google.com/file/d/1sMyvDvj7Rc4d1h4FOYku_K_InEQ6bTdr/view?usp=sharing
942 ## - ADDED ENTRY ELEMENTS (KOHA)
Koha item type សៀវភៅភាសាអង់គ្លេស
952 ## - LOCATION AND ITEM INFORMATION (KOHA)
Withdrawn status [LOCAL, KOHA] 0
952 ## - LOCATION AND ITEM INFORMATION (KOHA)
Withdrawn status [LOCAL, KOHA] 0
952 ## - LOCATION AND ITEM INFORMATION (KOHA)
Withdrawn status [LOCAL, KOHA] 0
Holdings
Permanent Location Date acquired Koha item type Lost status Shelving location Barcode Current Location Full call number
Library Block A2017-08-04សៀវភៅភាសាអង់គ្លេស A016A12618Library Block A333 VAN 1986 A016 Or.
Library Block A2017-08-04សៀវភៅភាសាអង់គ្លេស A016A10042Library Block A333 VAN 1986 A016 Or.
Library Block A2023-11-20សៀវភៅភាសាអង់គ្លេស A016a11010Library Block A333 VAN 1986 A016 Or.
មជ្ឈមណ្ឌលឯការនៃសាកលវិទ្យាល័យភូមិន្ទកសិកម្មចំការដូង

Powered by Koha